000 00704nam a2200277Ia 4500
005 20260324112632.0
008 008 260324s9999 xx 000 0 eng d
020 _a9781003566441
037 _aEBOOK
040 _aCRL
040 _beng
040 _cCRL
041 _2eng
041 _aeng
084 _qCRL
100 _aIda Skubis; Dominika Kołodziejczyk
_91143523
245 0 _aHuman vs ChatGPT – Language of Advertising in Beauty Products Advertisements
260 _bTaylor and Francis
260 _c2024
365 _a
365 _b97.99
856 _uhttp://www.taylorfrancis.com/books/9781003566441
942 _cEBOOK
999 _c1732801
_d1732801